01368nam a2200349 i 450000500170000000800410001702000150005804000350007304100080010808200170011610000430013324501430017625000220031926400330034130000470037433600270042133700330044833800280048149000240050950000210053350000210055450400410057553400520061665000540066865000600072265000540078265000620083670000450089870000450094394200150098899900150100320220317000455.0160315s2006 ck a gs 000 0 spa d a9583018597 aCO-BoRNBPbspacCO-BoRNBPerda1 heng04a612.32bH34r1 aHill Nettleton, Pamela,d1955-eautora10aRuidos y crujidosbaprende acerca de tu estómagocPamela Hill Nettleton ; ilustrado por Becky Shipe ; traducido por Margarita Martínez aPrimera edición 1aBogotábPanamericanac2006 a28 páginasbilustraciones a colorc26 cm atextobtxt2rdacontent asin mediaciónbn2rdamedia avolumenbnc2rdacarrier aCuerpo sorprendente aIncluye índice aIncluye glosario aIncluye referencias bibliográficas tGurgles and growls, learning about your stomach14aEstómago vLibros ilustrados para niños2LEMB14aAparato digestivovLibros ilustrados para niños2LEMB14aDigestiónvLibros ilustrados para niños2LEMB14aGastroenterologíavLibros ilustrados para niños2LEMB1 aShipe, Becky,d1977-eilustrador91302251 aMartínez, Margarita,etraductor916912 2ddccBKINF c4149d4149